000 00662nam a22002177a 4500
001 20752
003 BD-RjUL
005 20211209000615.0
008 140302r19521941enkc 001 0 eng d
035 _a(BD-RjUL)20814
040 _aBD-RjUL
_beng
_cBD-RjUL
041 _aeng
082 _a822.91
_bGAT 1952
100 1 _aGasworthy, John.
_964071
245 _aTen famous plays /
_cby John Galsworthy, introduction by Eric Gillett.
260 _aLondon :
_bDuckworth,
_c[Reprinted 1952].
300 _a[714] p. ;
_c19 cm.
500 _a Various pagings. "This edition first published 1941."
650 0 _aEnglish drama
_v 20th century
_964072
942 _2ddc
_cBK
999 _c20752
_d20752